| 000 | 00000nas 2200000za 4500 |
| 001 | 9.502613 |
| 003 | CaOODSP |
| 005 | 20230905154619 |
| 007 | cr ||||||||||| |
| 008 | 150406d20032003xxc|| p o||||f| |0fre|d |
| 022 | |a1921-3352 |
| 040 | |aCaOODSP|bfre |
| 043 | |an-cn--- |
| 086 | 1 |aH1-9/21F-pdf |
| 245 | 00|aRapport ... du Comité d'éthique de la recherche de Santé Canada. |
| 264 | 1|aOttawa, Ontario : |bSanté Canada, |c10 juin 2004. |
| 310 | |aAnnuel |
| 362 | 1 |aParaît depuis et ne paraît plus après 2003. |
| 500 | |a«Fondé en 2002, le Comité d'éthique de la recherche (CER) est un organisme consultatif qui contribue à veiller à ce que l'ensemble de la recherche chez des sujets humains menée par Santé Canada ou des chercheurs participants réponde aux normes scientifiques et éthiques les plus élevées.»--Page 5 sur 25, rapport 2003. |
| 590 | |a10-16-Supp|b2010-12-30 |
| 691 | 07|aBioéthique|2gcpds |
| 691 | 07|aRecherche médicale|2gcpds |
| 710 | 1 |aCanada.|bSanté Canada. |bDirection générale de la politique de la santé, |eorganisme de publication. |
| 775 | 08|tReport of the Health Canada Research Ethics Board |w(CaOODSP)9.506214 |
| 785 | 00|tComité d'éthique de la recherche à Santé Canada, rapport annuel.|w(CaOODSP)9.502138 |